Văn hoá nho giáo và tư tưởng Hồ Chí Minh /

Spremljeno u:
Bibliografski detalji
Glavni autor: Hà Thúc Minh
Format: Članak
Jezik:Vietnamese
Teme:
Oznake: Dodaj oznaku
Bez oznaka, Budi prvi tko označuje ovaj zapis!
Thư viện lưu trữ: Thư viện Trường Đại học Đà Lạt
LEADER 00789nam a2200289 4500
001 DLU060057029
040 # # |a DLU  |b vie 
041 # # |a vie 
044 # # |a vn 
100 # # |a Hà Thúc Minh 
245 # # |a Văn hoá nho giáo và tư tưởng Hồ Chí Minh /  |c Hà Thúc Minh 
653 # # |a Nho giáo 
653 # # |a Tư tưởng Hồ Chs Minh 
653 # # |a Truyền thống dân tộc 
653 # # |a Văn hoá 
773 # # |t Văn hiến Việt Nam  |g Số 10, 2005, tr.12-13 
920 # # |a Phòng Tạp chí -- Trung tâm Thông tin - Thư viện Trường Đại học Đà Lạt 
933 # # |a CT, TN 
994 # # |a DLU 
900 # # |a True 
911 # # |a Nguyễn Thị Yên 
925 # # |a G 
926 # # |a A 
927 # # |a BB 
980 # # |a Thư viện Trường Đại học Đà Lạt